Control biologico de plagas en invernadero /
Guardado en:
| Autor Principal: | |
|---|---|
| Formato: | Libro |
| Publicado: |
Madrid :
Mundi-prensa,
1994
|
| Materias: | |
| Etiquetas: |
Agregar Etiqueta
Sin Etiquetas, Sea el primero en etiquetar este registro!
|
| LEADER | 00604nam a22002055a 4500 | ||
|---|---|---|---|
| 001 | CEM.cems016706 | ||
| 005 | 20121026151536.0 | ||
| 008 | 130507s1994##################000#0#####d | ||
| 003 | CEMS | ||
| 082 | 0 | 4 | |a 632.9 |
| 100 | 1 | |a Sánchez Gutiérrez, Francisco | |
| 245 | 1 | 0 | |a Control biologico de plagas en invernadero / |c Francisco Sanchez Gutierrez, |
| 260 | |a Madrid : |b Mundi-prensa, |c 1994 | ||
| 300 | |a 86 p. | ||
| 653 | |a Invernaderos-plagas | ||
| 653 | |a Plagas-control | ||
| 653 | |a Araña roja | ||
| 653 | |a Mosca blanca | ||
| 653 | |a Pulgon | ||
| 859 | |a CEMS |b BIB. CEMS - Agricultura |h 632.9 |i Sa551 |p A18749.95 |t Ej.1 | ||
